Представление документа в формате MARC21

Поле Инд. ПП Название Значение
Тип записи a
Библиографический уровень m
001 Контрольный номер RU/IS/BASE/227009429
005 Дата корректировки 20200428130257.8
020 00 a ISBN 5-318-00042-8
c Цена, тираж 50-00
084 a Индекс другой классификации/Индекс ББК 67.410.212
090 a Полочн. индекс 67.410.2
x Авторский знак П 35
100 10 a Автор Питерцев С. К.
245 00 a Заглавие Тактика допроса на предварительном следствии и в суде
260 00 a Место издания Санкт-Петербург
b Издательство Питер
c Дата издания 2001
300 00 a Объем 160 с.
b Иллюстрации/ тип воспроизводства ил.
440 00 a Серия Библиотека криминалиста
650 _4 a Основная рубрика Следственные действия-Допрос
653 00 a Ключевые слова Допросы
a Ключевые слова Конфликты
a Ключевые слова Предварительное следствие
a Ключевые слова Суд
700 10 a Другие авторы Степанов А. А.
901 t Тип документа m
990 00 f Даты поступлений (DOS) 07.01